[Event "New York Marshall Labor Day IM"]
[Site "New York"]
[Date "2023.09.03"]
[Round "6"]
[White "Rorrer, Grayson"]
[Black "Reiss, Aiden"]
[Result "1/2-1/2"]
[WhiteElo "2287"]
[BlackElo "2230"]
[PlyCount "74"]
[EventDate "2023.08.31"]
[EventType "tourn"]
[EventRounds "9"]
[EventCountry "USA"]
[SourceTitle "EXT 2024"]
[Source "ChessBase"]
[SourceDate "2023.10.10"]
[SourceVersion "1"]
[SourceVersionDate "2023.10.10"]
[SourceQuality "1"]

1. e4 c5 2. Nf3 e6 3. d4 cxd4 4. Nxd4 Nf6 5. Nc3 Nc6 6. a3 Be7 7. Be3 0-0 8. Be2 d5 9. exd5 Nxd5 10. Nxd5 Qxd5 11. Bf3 Qa5+ 12. b4 Qc7 13. Nxc6 bxc6 14. c4 Bf6 15. Rc1 Bb2 16. Rb1 Bc3+ 17. Ke2 e5 18. Qd3 Bd4 19. Rhd1 Re8 20. Kf1 Bxe3 21. fxe3 e4 22. Bxe4 Bg4 23. Bf3 Bxf3 24. gxf3 Qxh2 25. Qd4 h5 26. Rb2 Qh3+ 27. Kf2 Qh2+ 28. Kf1 Qg3 29. Rf2 Re6 30. Rdd2 g6 31. Qf4 Qh3+ 32. Kg1 Rae8 33. e4 Re5 34. Rd6 Rf5 35. Qh2 Rxf3 36. Qxh3 Rxh3 37. Rd7 Rxa3 1/2-1/2

[Event "New York Marshall Labor Day IM"]
[Site "New York"]
[Date "2023.09.02"]
[Round "5"]
[White "Reiss, Aiden"]
[Black "Tanenbaum, Zachary Chen"]
[Result "1/2-1/2"]
[WhiteElo "2230"]
[BlackElo "2279"]
[PlyCount "44"]
[EventDate "2023.08.31"]
[EventType "tourn"]
[EventRounds "9"]
[EventCountry "USA"]
[SourceTitle "EXT 2024"]
[Source "ChessBase"]
[SourceDate "2023.10.10"]
[SourceVersion "1"]
[SourceVersionDate "2023.10.10"]
[SourceQuality "1"]

1. e4 e5 2. Nf3 Nc6 3. Bb5 f5 4. d4 fxe4 5. Nxe5 Nxe5 6. dxe5 c6 7. Nc3 cxb5 8. Nxe4 d5 9. exd6 Nf6 10. Bg5 Qa5+ 11. Bd2 b4 12. 0-0 Nxe4 13. Re1 Qf5 14. Bxb4 Kf7 15. Qd4 Nf6 16. Re5 Qg4 17. f4 Bf5 18. h3 Qh5 19. Rae1 Rc8 20. R1e2 Qg6 21. Qe3 Kg8 22. Qb3+ Qf7 1/2-1/2

[Event "New York Spring IM-B"]
[Site "New York"]
[Date "2023.04.07"]
[Round "4.2"]
[White "Zhao, Erick"]
[Black "Reiss, Aiden"]
[Result "1/2-1/2"]
[WhiteElo "2275"]
[BlackElo "2138"]
[PlyCount "203"]
[EventDate "2023.04.05"]
[EventType "team-tourn"]
[EventRounds "9"]
[EventCountry "USA"]
[SourceTitle "CBM 213 Extra"]
[Source "ChessBase"]
[SourceDate "2023.05.31"]
[SourceVersion "1"]
[SourceVersionDate "2023.05.31"]
[SourceQuality "1"]
[WhiteTeam "Team 2"]
[BlackTeam "Team 3"]
[WhiteTeamCountry "USA"]
[BlackTeamCountry "USA"]

1. e4 c5 2. Nf3 d6 3. d4 cxd4 4. Nxd4 Nf6 5. Nc3 Nc6 6. Bg5 g6 7. Bxf6 exf6 8. Bc4 Bg7 9. Ndb5 0-0 10. Nxd6 f5 11. 0-0 Be5 12. Nxc8 Rxc8 13. Qxd8 Nxd8 14. Bd5 Bxc3 15. bxc3 fxe4 16. c4 Ne6 17. Rae1 Nf4 18. Bxb7 Rxc4 19. Rxe4 Rxe4 20. Bxe4 Ne2+ 21. Kh1 Nc3 22. Bd3 Nxa2 23. Ra1 Nb4 24. Rxa7 Rc8 25. h4 Nxc2 26. Ra4 Rc3 27. Be4 Na3 28. Bd5 Nb5 29. h5 Kg7 30. hxg6 hxg6 31. Ra5 Nc7 32. Be4 Ne6 33. g3 Rc5 34. Ra7 Re5 35. Bd3 Kf6 36. Kg2 Rd5 37. Be4 Re5 38. Bc6 Rc5 39. Ba4 Rc7 40. Ra6 Kg7 41. Rb6 Nc5 42. Bd1 Ne6 43. f4 Nc5 44. Rb4 Rd7 45. Be2 Ne6 46. Rb2 Rd4 47. Kf3 Ra4 48. Ke3 Ra3+ 49. Kf2 Ra4 50. Rc2 Nxf4 51. gxf4 Rxf4+ 52. Ke3 Rf6 53. Bg4 Kg8 54. Be2 Kg7 55. Bc4 Kg8 56. Ke4 Kg7 57. Re2 Rf5 58. Rd2 Rf6 59. Ke5 Rf5+ 60. Kd6 Rf6+ 61. Ke7 Rf4 62. Bd5 Rf5 63. Ba2 Re5+ 64. Kd8 Ra5 65. Bd5 Ra7 66. Bc6 Ra6 67. Bb7 Rf6 68. Rd7 Kf8 69. Bd5 Rf4 70. Kc7 Rf6 71. Rd8+ Kg7 72. Kd7 Rf5 73. Ke7 Re5+ 74. Kd6 Rf5 75. Rd7 Kf8 76. Be4 Rf6+ 77. Ke5 Kg7 78. Ra7 Rf2 79. Ra3 Rf6 80. Rb3 Rf2 81. Bf3 Rd2 82. Rb4 Rf2 83. Kf4 Rd2 84. Rb1 Rd6 85. Bg4 Rd4+ 86. Kg3 Rd3+ 87. Bf3 Rd4 88. Rb5 Rd6 89. Rc5 Rf6 90. Be4 Re6 91. Kf4 Rf6+ 92. Ke5 Re6+ 93. Kd5 Rf6 94. Rc7 Rb6 95. Bd3 Re6 96. Bc4 Rf6 97. Ke5 Rf3 98. Kd6 Rf4 99. Bd5 Rf2 100. Re7 Kf8 101. Re3 Rf6+ 102. Ke5 1/2-1/2

[Event "Titled Tuesday intern op 14th Feb Early"]
[Site "Chess.com INT"]
[Date "2023.02.14"]
[Round "8"]
[White "Dehtiarov, Roman"]
[Black "Reiss, Aiden"]
[Result "1-0"]
[WhiteElo "2300"]
[BlackElo "2112"]
[PlyCount "103"]
[EventDate "2023.02.14"]
[EventType "swiss (blitz)"]
[EventRounds "11"]
[EventCountry "USA"]
[SourceTitle "CBM 212 Extra"]
[Source "ChessBase"]
[SourceDate "2023.03.31"]
[SourceVersion "1"]
[SourceVersionDate "2023.03.31"]
[SourceQuality "1"]

1. e4 c5 2. Nc3 d6 3. f4 Nc6 4. Nf3 g6 5. Bb5 Bg7 6. Bxc6+ bxc6 7. 0-0 e6 8. d3 Ne7 9. Qe1 0-0 10. Bd2 f5 11. Rd1 Qc7 12. b3 Bd7 13. e5 Nd5 14. Na4 Rae8 15. c4 Nb4 16. exd6 Qxd6 17. Be3 Nc2 18. Qf2 Nxe3 19. Qxe3 Bd4 20. Nxd4 cxd4 21. Qe5 Qxe5 22. fxe5 g5 23. Nc5 Bc8 24. b4 Re7 25. a4 Rc7 26. Rf3 h5 27. h4 g4 28. Rf4 Rd8 29. g3 Kf7 30. Ra1 Ke7 31. Nb3 Rb7 32. Nxd4 Bd7 33. b5 cxb5 34. axb5 Rc8 35. Ra6 Rc5 36. Rf1 Rxe5 37. Kf2 Rc5 38. Rfa1 e5 39. Ne2 Rcc7 40. Nc3 Be6 41. Ke3 Rd7 42. c5 f4+ 43. gxf4 exf4+ 44. Kxf4 Rxd3 45. Ne4 Rf3+ 46. Kg5 Rxb5 47. Rxa7+ Bd7 48. Rd1 Rf5+ 49. Kg6 Rf4 50. Rdxd7+ Ke6 51. Rd6+ Ke5 52. Re7# 1-0

[Event "Titled Tuesday intern op 14th Feb Early"]
[Site "Chess.com INT"]
[Date "2023.02.14"]
[Round "6"]
[White "Reiss, Aiden"]
[Black "Movahed, Sina"]
[Result "0-1"]
[WhiteElo "2112"]
[BlackElo "2339"]
[PlyCount "108"]
[EventDate "2023.02.14"]
[EventType "swiss (blitz)"]
[EventRounds "11"]
[EventCountry "USA"]
[SourceTitle "CBM 212 Extra"]
[Source "ChessBase"]
[SourceDate "2023.03.31"]
[SourceVersion "1"]
[SourceVersionDate "2023.03.31"]
[SourceQuality "1"]

1. e4 c5 2. Nf3 d6 3. Bb5+ Nd7 4. Ba4 Ngf6 5. 0-0 e6 6. Re1 Be7 7. c3 0-0 8. d4 e5 9. Bc2 b5 10. Qe2 Rb8 11. h3 Qc7 12. Be3 a5 13. Na3 Ba6 14. Rab1 Qc6 15. d5 Qc8 16. b4 axb4 17. cxb4 c4 18. Nh4 g6 19. Rbc1 Nxd5 20. Nf5 gxf5 21. exd5 Nf6 22. Bh6 Nxd5 23. Qf3 Qe6 24. Bxf8 Bxf8 25. Bxf5 Qf6 26. Bxh7+ Kxh7 27. Qxd5 Bh6 28. Rc2 Qg6 29. Qe4 Qxe4 30. Rxe4 Bb7 31. Ree2 Bc6 32. Nb1 Bg7 33. a4 bxa4 34. Rxc4 Bb5 35. Rh4+ Kg6 36. Rd2 Rb6 37. Rg4+ Kh7 38. Nc3 Bd7 39. Rh4+ Kg8 40. Nd5 Rb8 41. Rc4 Be6 42. Rh4 a3 43. Nc3 f5 44. Rxd6 Bf7 45. b5 e4 46. g4 Bxc3 47. gxf5 a2 48. Rg4+ Kf8 49. Ra6 a1Q+ 50. Rxa1 Bxa1 51. Rxe4 Rxb5 52. Rf4 Be5 53. Rf3 Rb1+ 54. Kg2 Bd5 0-1

[Event "Titled Tuesday intern op 14th Feb Early"]
[Site "Chess.com INT"]
[Date "2023.02.14"]
[Round "4"]
[White "Reiss, Aiden"]
[Black "Yuan, Qingyu"]
[Result "1/2-1/2"]
[WhiteElo "2112"]
[BlackElo "2373"]
[PlyCount "45"]
[EventDate "2023.02.14"]
[EventType "swiss (blitz)"]
[EventRounds "11"]
[EventCountry "USA"]
[SourceTitle "CBM 212 Extra"]
[Source "ChessBase"]
[SourceDate "2023.03.31"]
[SourceVersion "1"]
[SourceVersionDate "2023.03.31"]
[SourceQuality "1"]

1. e4 e5 2. Nf3 Nc6 3. Bb5 Nf6 4. 0-0 Nxe4 5. d4 Nd6 6. dxe5 Nxb5 7. a4 Nbd4 8. Nxd4 d5 9. exd6 Bxd6 10. Re1+ Be7 11. Bg5 f6 12. Nxc6 Qxd1 13. Rxd1 fxg5 14. Nxe7 Kxe7 15. Nc3 c6 16. Re1+ Kf7 17. Ne4 h6 18. Rad1 Kg6 19. Rd6+ Kf7 20. Rd3 Kg6 21. Rd6+ Kf7 22. Rd3 Kg6 23. Rd6+ 1/2-1/2

[Event "Titled Tuesday intern op 17th Jan Late"]
[Site "Chess.com INT"]
[Date "2023.01.17"]
[Round "11"]
[White "Fernandez Garcia, Gumersindo"]
[Black "Reiss, Aiden"]
[Result "1/2-1/2"]
[WhiteElo "2172"]
[BlackElo "2083"]
[PlyCount "113"]
[EventDate "2023.01.17"]
[EventType "swiss (blitz)"]
[EventRounds "11"]
[EventCountry "USA"]
[SourceTitle "CBM 212 Extra"]
[Source "ChessBase"]
[SourceDate "2023.03.31"]
[SourceVersion "1"]
[SourceVersionDate "2023.03.31"]
[SourceQuality "1"]

1. e4 c5 2. a3 Nc6 3. b4 d5 4. exd5 Qxd5 5. Nc3 Qe5+ 6. Be2 Nd4 7. bxc5 Bf5 8. d3 Qxc5 9. Bd2 Nf6 10. Nf3 e6 11. 0-0 Nxe2+ 12. Qxe2 Be7 13. Rab1 b6 14. d4 Qc7 15. Nb5 Qb7 16. Bb4 0-0 17. Nd6 Bxd6 18. Bxd6 Rfc8 19. Rbc1 Ne4 20. Bb4 a5 21. Be1 Qe7 22. a4 Qa3 23. g4 Qxc1 24. gxf5 exf5 25. Bxa5 Qxc2 26. Qxc2 Rxc2 27. Bxb6 Rxa4 28. d5 Ra6 29. Be3 Rd6 30. Nd4 Rc5 31. Nxf5 Rcxd5 32. Ne7+ Kf8 33. Nxd5 Rxd5 34. Ra1 f6 35. Ra7 h5 36. Kg2 Nd6 37. Rd7 g5 38. Kf1 h4 39. Bb6 Ke8 40. Rh7 Nf5 41. h3 Rb5 42. Ba7 Rb3 43. Kg2 Ne7 44. Bd4 Nd5 45. Rg7 Nf4+ 46. Kf1 Rxh3 47. Kg1 Ne2+ 48. Kg2 Nf4+ 49. Kg1 Rf3 50. Bxf6 Ne2+ 51. Kf1 Ng3+ 52. Kg2 Rxf6 53. fxg3 hxg3 54. Rxg5 Kf7 55. Rxg3 Rg6 56. Kf3 Rxg3+ 57. Kxg3 1/2-1/2

[Event "Titled Tuesday intern op 10th Jan Early"]
[Site "Chess.com INT"]
[Date "2023.01.10"]
[Round "3"]
[White "Kornyukov, Alexey"]
[Black "Reiss, Aiden"]
[Result "0-1"]
[WhiteElo "2452"]
[BlackElo "2083"]
[PlyCount "40"]
[EventDate "2023.01.10"]
[EventType "swiss (blitz)"]
[EventRounds "11"]
[EventCountry "USA"]
[SourceTitle "EXT 2024"]
[Source "ChessBase"]
[SourceDate "2023.10.10"]
[SourceVersion "1"]
[SourceVersionDate "2023.10.10"]
[SourceQuality "1"]

1. e4 c5 2. Nf3 e6 3. c3 d5 4. exd5 exd5 5. d4 Nf6 6. dxc5 Bxc5 7. Bb5+ Bd7 8. Bxd7+ Nbxd7 9. 0-0 0-0 10. Bg5 Qb6 11. b4 Bd6 12. Be3 Qc7 13. Nd4 Bxh2+ 14. Kh1 Be5 15. Na3 a6 16. b5 Qxc3 17. Nac2 axb5 18. Nxb5 Qc4 19. Nca3 Qh4+ 20. Kg1 Qh2# 0-1

[Event "Titled Tuesday intern op 10th Jan Early"]
[Site "Chess.com INT"]
[Date "2023.01.10"]
[Round "2"]
[White "Reiss, Aiden"]
[Black "Harsha, Bharathakoti"]
[Result "0-1"]
[WhiteElo "2083"]
[BlackElo "2599"]
[PlyCount "80"]
[EventDate "2023.01.10"]
[EventType "swiss (blitz)"]
[EventRounds "11"]
[EventCountry "USA"]
[SourceTitle "EXT 2024"]
[Source "ChessBase"]
[SourceDate "2023.10.10"]
[SourceVersion "1"]
[SourceVersionDate "2023.10.10"]
[SourceQuality "1"]

1. e4 g6 2. d4 Bg7 3. Nc3 d6 4. Be3 a6 5. Qd2 b5 6. h4 h5 7. Nh3 Bxh3 8. Rxh3 Nd7 9. f4 Ngf6 10. e5 Ng4 11. Be2 Nxe3 12. Qxe3 e6 13. 0-0-0 Qe7 14. Ne4 d5 15. Ng5 c5 16. g4 cxd4 17. Qxd4 hxg4 18. Bxg4 Rc8 19. Kb1 Rc4 20. Qa7 Rxf4 21. Qa8+ Qd8 22. Qxd8+ Kxd8 23. Bxe6 Nxe5 24. Bxd5 Kc7 25. Re3 Kb6 26. Rde1 Rd8 27. Bb3 Rd7 28. a3 f6 29. Ne6 Rxh4 30. a4 bxa4 31. Ba2 Bh6 32. Rg3 Bf4 33. Ra3 Bd2 34. Rf1 f5 35. c3 Be3 36. Nf8 Rd6 37. Re1 f4 38. Ne6 Nf3 39. Re2 Rh1+ 40. Kc2 Rc1# 0-1

[Event "Titled Tuesday intern op 10th Jan Early"]
[Site "Chess.com INT"]
[Date "2023.01.10"]
[Round "10"]
[White "Reiss, Aiden"]
[Black "Lauridsen, Jesper Morch"]
[Result "1-0"]
[WhiteElo "2083"]
[BlackElo "2250"]
[PlyCount "63"]
[EventDate "2023.01.10"]
[EventType "swiss (blitz)"]
[EventRounds "11"]
[EventCountry "USA"]
[SourceTitle "EXT 2024"]
[Source "ChessBase"]
[SourceDate "2023.10.10"]
[SourceVersion "1"]
[SourceVersionDate "2023.10.10"]
[SourceQuality "1"]

1. e4 c5 2. Nf3 d6 3. d4 cxd4 4. Nxd4 Nf6 5. Nc3 g6 6. Be3 Bg7 7. f3 Nc6 8. Qd2 Bd7 9. Bc4 Rc8 10. Bb3 Nxd4 11. Bxd4 b5 12. 0-0-0 a5 13. Nd5 0-0 14. Bb6 Qe8 15. Qxa5 Nxd5 16. exd5 e5 17. dxe6 Bxe6 18. Bxe6 Qxe6 19. a3 Qc4 20. c3 Qa2 21. Be3 Rfe8 22. Bd2 Re2 23. Rhe1 Rxg2 24. Qa6 Rf8 25. Qxd6 Bh6 26. Re4 Qb3 27. Rd4 Re8 28. Kb1 Qxd1+ 29. Ka2 Qxf3 30. Bxh6 Qe2 31. Rd2 Qc4+ 32. b3 1-0

[Event "Titled Tuesday intern op 10th Jan Early"]
[Site "Chess.com INT"]
[Date "2023.01.10"]
[Round "5"]
[White "Reiss, Aiden"]
[Black "Sailer, Mike L"]
[Result "1-0"]
[WhiteElo "2083"]
[BlackElo "2109"]
[PlyCount "51"]
[EventDate "2023.01.10"]
[EventType "swiss (blitz)"]
[EventRounds "11"]
[EventCountry "USA"]
[SourceTitle "EXT 2024"]
[Source "ChessBase"]
[SourceDate "2023.10.10"]
[SourceVersion "1"]
[SourceVersionDate "2023.10.10"]
[SourceQuality "1"]

1. e4 d5 2. exd5 Qxd5 3. Nc3 Qd6 4. Bc4 Nf6 5. Nf3 c6 6. d4 Bg4 7. Be3 e6 8. h3 Bh5 9. a3 a5 10. Be2 Nbd7 11. Qd2 Be7 12. Bf4 e5 13. dxe5 Qxd2+ 14. Nxd2 Bxe2 15. exf6 Bxf6 16. Nxe2 Bxb2 17. Rb1 Bxa3 18. Rxb7 Nc5 19. Rb6 0-0 20. 0-0 Rfe8 21. Nd4 Bb4 22. Nxc6 Na4 23. Rb7 Nc5 24. Rb5 Re2 25. Nxb4 axb4 26. Rxc5 1-0

[Event "Titled Tuesday intern op 03rd Jan Late"]
[Site "Chess.com INT"]
[Date "2023.01.03"]
[Round "1"]
[White "Reiss, Aiden"]
[Black "Khripachenko, Alexander"]
[Result "1/2-1/2"]
[WhiteElo "2083"]
[BlackElo "2219"]
[PlyCount "91"]
[EventDate "2023.01.03"]
[EventType "swiss (blitz)"]
[EventRounds "11"]
[EventCountry "USA"]
[SourceTitle "EXT 2024"]
[Source "ChessBase"]
[SourceDate "2023.10.10"]
[SourceVersion "1"]
[SourceVersionDate "2023.10.10"]
[SourceQuality "1"]

1. e4 e5 2. Nf3 Nf6 3. Nxe5 d6 4. Nf3 Nxe4 5. Nc3 Nf6 6. d4 g6 7. Bd3 Bg7 8. Bg5 0-0 9. Qd2 Re8+ 10. Ne2 Bg4 11. 0-0-0 Nc6 12. Bh6 Qd7 13. Bxg7 Kxg7 14. Qf4 Nd5 15. Qg3 Ndb4 16. Rhe1 Nxd3+ 17. Rxd3 Nb4 18. Rb3 a5 19. h3 Be6 20. Re3 Nxa2+ 21. Kb1 Nb4 22. Nc3 Bc4 23. h4 Rxe3 24. Rxe3 Re8 25. Ne4 Ba2+ 26. Kc1 Bd5 27. Nfg5 Bxe4 28. Nxe4 Qc6 29. Nc3 Rxe3 30. fxe3 Qc4 31. Qf3 c6 32. h5 a4 33. Qf4 Qe6 34. h6+ Kg8 35. Ne4 f5 36. Nxd6 Nd5 37. Qe5 Qxe5 38. dxe5 b6 39. Kd2 Kf8 40. c4 Nb4 41. Nc8 b5 42. cxb5 cxb5 43. Nd6 Ke7 44. Nxb5 Ke6 45. Nc3 Kxe5 46. Nxa4 1/2-1/2